Chef-lieu par numéro de département - Statistiques

Statistiques générales
  • Ce quiz a été pris 209 fois
  • Le résultat moyen est 42 sur 101
Statistiques - réponses
Hint Réponse % Correct
69 Lyon
61%
14 Caen
59%
13 Marseille
59%
33 Bordeaux
55%
17 La Rochelle
55%
75 Paris
55%
21 Dijon
53%
35 Rennes
53%
76 Rouen
52%
49 Angers
50%
74 Annecy
50%
85 La Roche-sur-Yon
50%
38 Grenoble
48%
29 Quimper
48%
62 Arras
47%
90 Belfort
47%
5 Gap
47%
72 Le Mans
47%
40 Mont de Marsan
47%
79 Niort
47%
66 Perpignan
47%
86 Poitiers
47%
78 Versailles
47%
2A Ajaccio
45%
60 Beauvais
45%
63 Clermont
45%
53 Laval
45%
59 Lille
45%
34 Montpellier
45%
3 Moulins
45%
44 Nantes
45%
24 Périgueux
45%
50 Saint-Lô
45%
16 Angoulême
44%
30 Nîmes
44%
83 Toulon
44%
10 Troyes
44%
19 Tulle
44%
15 Aurillac
42%
89 Auxerre
42%
84 Avignon
42%
2B Bastia
42%
88 Epinal
42%
27 Evreux
42%
91 Évry
42%
23 Guéret
42%
976 Mamoudzou
42%
77 Melun
42%
58 Nevers
42%
45 Orléans
42%
64 Pau
42%
22 Saint Brieuc
42%
42 Saint Etienne
42%
56 Vannes
42%
51 Châlons-en-Champagne
41%
73 Chambéry
41%
43 Le Puy-en-Velay
41%
87 Limoges
41%
12 Rodez
41%
67 Strasbourg
41%
61 Alençon
39%
80 Amiens
39%
25 Besançon
39%
1 Bourg-en-Bresse
39%
11 Carcassonne
39%
2 Laon
39%
92 Nanterre
39%
7 Privas
39%
26 Valence
39%
18 Bourges
38%
95 Cergy
38%
68 Colmar
38%
39 Lons-le-Saunier
38%
6 Nice
38%
974 Saint-Denis
38%
31 Toulouse
38%
37 Tours
38%
81 Albi
36%
93 Bobigny
36%
36 Châteauroux
36%
94 Créteil
36%
71 Mâcon
36%
54 Nancy
36%
65 Tarbes
36%
46 Cahors
35%
48 Mende
35%
47 Agen
33%
28 Chartres
33%
4 Dignes-les-bains
33%
70 Vesoul
33%
55 Bar-le-Duc
32%
971 Basse-Terre
32%
52 Chaumont
32%
9 Foix
32%
57 Metz
32%
32 Auch
30%
973 Cayenne
30%
972 Fort-de-France
30%
82 Montauban
30%
8 Charleville Mézières
29%
41 Blois
26%
Aucun quiz correspondant
Distribution des résultats
% des personnes avec chaque résultat
Percentile par nombre de réponses
Votre historique - résultats
Vous n’avez pas pris ce quiz